| 000 | 00501nam a2200181Ia 4500 | ||
|---|---|---|---|
| 008 | 240925s9999 xx 000 0 und d | ||
| 020 | _a24154652 | ||
| 082 | _a004.67 STA | ||
| 100 | _aStallings, William | ||
| 245 | 0 | _aLocal and Metropolitan Areas Network | |
| 250 | _a4th | ||
| 260 |
_aLahore: _bMaktabai karwan _c,1993. |
||
| 300 |
_axvi,550p. _bNA _fPhotocopy |
||
| 500 | _aIncludes Index | ||
| 600 | _aComputer Science | ||
| 650 | _aComputer science, information & general works | ||
| 942 | _cBK | ||
| 999 |
_c2788 _d2788 |
||